Мероприятия по снижению потерь в электрических сетях энергоуправления "Томскэнерго" при расчетных нагрузках 1967 г.: [Отчет о НИР]; Ч. 2

Xehetasun bibliografikoak
Erakunde egilea: Томский политехнический институт (ТПИ) (595)
Hizkuntza:errusiera
Argitaratua: Томск, 1967
Gaiak:
Formatua: MixedMaterials Liburua
KOHA link:https://koha.lib.tpu.ru/cgi-bin/koha/opac-detail.pl?biblionumber=178960

MARC

LEADER 00000nbm0a2200000 4500
001 178960
005 20231031170159.0
035 |a (RuTPU)RU\TPU\book\193981 
090 |a 178960 
100 |a 20100413d1967 k y0rusy50 ca 
101 0 |a rus 
102 |a RU 
105 |a a p 001zy 
200 1 |a Мероприятия по снижению потерь в электрических сетях энергоуправления "Томскэнерго" при расчетных нагрузках 1967 г.  |e [Отчет о НИР]  |f Томский политехнический институт (ТПИ)  |h Ч. 2 
210 |a Томск  |d 1967 
215 |a 185 л. 
320 |a Библиогр.: с. 183-184. 
610 1 |a отчеты о НИР 
610 1 |a электрические сети 
610 1 |a нагрузки 
610 1 |a снижение 
610 1 |a потери 
610 1 |a Томскэнерго 
610 1 |a релейная защита 
610 1 |a техника безопасности 
610 1 |a режим работы 
610 1 |a трансформаторы 
675 |a 621.316.0012  |v 3 
712 0 2 |a Томский политехнический институт (ТПИ)  |c (1944-1991)  |2 stltpush  |3 (RuTPU)RU\TPU\col\1123  |4 595 
801 1 |a RU  |b 63413507  |c 20100413 
942 |c BK